<?xml version="1.0" encoding="UTF-8"?><marc:collection xmlns:marc="http://www.loc.gov/MARC21/slim">
  <marc:record>
    <marc:leader>00000nam##2200000za#4500</marc:leader>
    <marc:controlfield tag="001">9.603525</marc:controlfield>
    <marc:controlfield tag="003">CaOODSP</marc:controlfield>
    <marc:controlfield tag="005">20210624211122</marc:controlfield>
    <marc:controlfield tag="007">cr |||||||||||</marc:controlfield>
    <marc:controlfield tag="008">150406|1996||||xxc|||||o    f|0| 0 fre|d</marc:controlfield>
    <marc:datafield tag="040" ind1=" " ind2=" ">
      <marc:subfield code="a">CaOODSP</marc:subfield>
      <marc:subfield code="b">fre</marc:subfield>
    </marc:datafield>
    <marc:datafield tag="043" ind1=" " ind2=" ">
      <marc:subfield code="a">n-cn---</marc:subfield>
    </marc:datafield>
    <marc:datafield tag="086" ind1="1" ind2=" ">
      <marc:subfield code="a">SC94-57/9-1996F-PDF</marc:subfield>
    </marc:datafield>
    <marc:datafield tag="110" ind1="1" ind2=" ">
      <marc:subfield code="a">Canada.</marc:subfield>
      <marc:subfield code="b">Centre canadien de gestion.</marc:subfield>
    </marc:datafield>
    <marc:datafield tag="245" ind1="1" ind2="3">
      <marc:subfield code="a">La gestion publique dans le nouveau millénaire : </marc:subfield>
      <marc:subfield code="h">[ressource électronique]</marc:subfield>
      <marc:subfield code="b">á quel point réduire la présence gouvernementale? / </marc:subfield>
      <marc:subfield code="c">[par] Arthur Kroeger. </marc:subfield>
    </marc:datafield>
    <marc:datafield tag="260" ind1=" " ind2=" ">
      <marc:subfield code="a">Ottawa - Ontario : </marc:subfield>
      <marc:subfield code="b">Centre canadien de gestion </marc:subfield>
      <marc:subfield code="c">Novembre 1996.</marc:subfield>
    </marc:datafield>
    <marc:datafield tag="300" ind1=" " ind2=" ">
      <marc:subfield code="a">35p.</marc:subfield>
      <marc:subfield code="b">références</marc:subfield>
    </marc:datafield>
    <marc:datafield tag="490" ind1="1" ind2=" ">
      <marc:subfield code="a">Explorations</marc:subfield>
      <marc:subfield code="v">N° 9</marc:subfield>
    </marc:datafield>
    <marc:datafield tag="500" ind1=" " ind2=" ">
      <marc:subfield code="a">Sommaire: Introduction.--Comment en est-on arrivé là.--Contraintes actuelles.--L'évolution des attitudes de la population.--Le déficit social.--Certaines questions bien canadiennes.--Scénarios possibles pour l'avenir.--Conclusion.--Notes. Le n° de catalogue (SC94-57/9-1996) et l'ISBN (0-662-62357-6) de l'édition imprimée bilingue ont été incorrectement copiés dans l'édition électronique.</marc:subfield>
    </marc:datafield>
    <marc:datafield tag="590" ind1=" " ind2=" ">
      <marc:subfield code="a">12-16-Supp</marc:subfield>
      <marc:subfield code="b">2012-04-17</marc:subfield>
    </marc:datafield>
    <marc:datafield tag="691" ind1="0" ind2="7">
      <marc:subfield code="a">Fonction publique</marc:subfield>
      <marc:subfield code="2">gcpds</marc:subfield>
    </marc:datafield>
    <marc:datafield tag="691" ind1="0" ind2="7">
      <marc:subfield code="a">Gestion</marc:subfield>
      <marc:subfield code="2">gcpds</marc:subfield>
    </marc:datafield>
    <marc:datafield tag="720" ind1="1" ind2=" ">
      <marc:subfield code="a">Kroeger, Arthur</marc:subfield>
    </marc:datafield>
    <marc:datafield tag="775" ind1="0" ind2="8">
      <marc:subfield code="t">Governing in the millennium : </marc:subfield>
      <marc:subfield code="w">(CaOODSP)9.573343</marc:subfield>
    </marc:datafield>
    <marc:datafield tag="776" ind1="0" ind2="#">
      <marc:subfield code="t">Governing in the millennium : </marc:subfield>
      <marc:subfield code="w">(CaOODSP)9.527144</marc:subfield>
    </marc:datafield>
    <marc:datafield tag="776" ind1="0" ind2="#">
      <marc:subfield code="t">La gestion publique dans le nouveau millénaire : </marc:subfield>
      <marc:subfield code="w">(CaOODSP)9.527145</marc:subfield>
    </marc:datafield>
    <marc:datafield tag="830" ind1="#" ind2="0">
      <marc:subfield code="a">Explorations ;</marc:subfield>
      <marc:subfield code="v">N° 9</marc:subfield>
      <marc:subfield code="w">(CaOODSP)9.503291</marc:subfield>
    </marc:datafield>
    <marc:datafield tag="856" ind1="4" ind2="0">
      <marc:subfield code="a">http://publications.gc.ca</marc:subfield>
      <marc:subfield code="q">PDF</marc:subfield>
      <marc:subfield code="s">116 Ko</marc:subfield>
      <marc:subfield code="u">https://publications.gc.ca/collections/Collection/SC94-57-9-1996F.pdf</marc:subfield>
      <marc:subfield code="y">N° 9</marc:subfield>
    </marc:datafield>
  </marc:record>
</marc:collection>
